000 00422nam a2200145Ia 4500
005 20251222153642.0
008 251222s9999||||xx |||||||||||||| ||spa||
020 _a9789972779367
082 _a340.7/C578
100 _aChuquillanqui Gonzales, Manuel
245 0 _aSelección Jurídica de Textos sobre Método del Caso 2013
250 _a1ra. ed.
264 _bFondo Editorial Academia de la Magistratura
942 _cLIB
999 _c32768
_d32768